| 000 | 00337nam a2200145Ia 4500 | ||
|---|---|---|---|
| 008 | 230711s9999||||xx |||||||||||||| ||und|| | ||
| 041 | _aENG | ||
| 082 |
_a800 _bSH-G |
||
| 100 | _aSharma,Hari.Datt | ||
| 245 | 0 | _aGlory of spiritual India | |
| 260 |
_c1994 _aHyderbad _bPustak Mahal |
||
| 300 | _a224 | ||
| 650 | _aLiterature | ||
| 942 | _cBK | ||
| 999 |
_c5222 _d5222 |
||